Estatísticas para Países Mencionados na Página da Wikipédia do Brasil

Clique aqui para jogar o quiz

Estatísticas Gerais

  • Esse quiz foi jogado 6 969 vezes
  • A pontuação média é 22 de 28

Estatísticas das Respostas

FrequênciaContextoPaís% Correto
10Tem menor economia que ... na AméricaEstados Unidos
95%
18Fez parte de um reino unido com ...Portugal
92%
6Faz fronteira ao sul com ...Uruguai
92%
6Sofre oposição de ... em se tornar membro permanente do Conselho de Segurança da ONUArgentina
91%
2Não faz fronteira com ...Chile
91%
5Possui uma usina hidrelétrica binacional com ...Paraguai
91%
5Faz fronteira a noroeste com ...Venezuela
90%
1Faz fronteira ao norte com ...França
89%
3Faz fronteira a noroeste com ...Colômbia
88%
2Não faz fronteira com ...Equador
88%
3Faz fronteira a oeste com ...Bolívia
87%
3Tem menor economia que ... na AméricaCanadá
87%
3Entrou em guerra contra ...Alemanha
86%
3Faz fronteira ao norte com ...Guiana
86%
3Faz fronteira a oeste com ...Peru
86%
3Faz fronteira ao norte com ...Suriname
86%
4Tem menor população carcerária que ...China
84%
5Entrou em guerra contra ...Itália
84%
2Tem menor população carcerária que ...Rússia
84%
2Exporta etanol para ...Japão
81%
2Recebeu imigrantes de ...Espanha
79%
2Recebe menos turistas que ...México
79%
1Sofreu pressão comercial e marítima de ... pela questão escravocrataReino Unido
75%
1Influenciou ... a fazer progressos com etanolÍndia
60%
1Fez acordo de ensino religioso com ...Vaticano
50%
1Recebeu imigrantes de ...Polônia
43%
1Recebeu imigrantes de ...Suíça
34%
1Exporta etanol para ...Suécia
30%

Distribuição das Pontuações

Percentil de Números Respondidos

Porcentagem de Pessoas com Cada Pontuação

Sua Pontuação Histórica

Você não jogou esse quiz